Polacy w Premier League w sezonie 2020/21. - Statystyki

Ogólne statystyki
  • Ten quiz został rozwiązany 168 razy
  • Średni wynik to 5 z 6
Statystyki odpowiedzi
Klub Pozycja Odpowiedź % Poprawnych
West Ham Bramkarz Fabiański
99%
Southampton Środkowy obrońca Bednarek
98%
Leeds Środkowy pomocnik Klich
97%
West Brom Lewy napastnik Grosicki
89%
Crystal Palace Środkowy obrońca Jach
57%
Leeds Środkowy pomocnik Bogusz
41%
Nie znaleziono quizów pasujących do podanych kryteriów
Rozkład punktacji
Procent ludzi z każdym wynikiem
Percentyl według liczby udzielonych odpowiedzi
Twoja historia wyników
Nie rozwiązałeś tego quizu